| 000 | 01201nam0a22002651 4500 | ||
|---|---|---|---|
| 001 | rc\2609821 | ||
| 005 | 20250623134256.0 | ||
| 035 | _a(NLR Aleph) 006773726 | ||
| 090 |
_a5971597 _c5971597 |
||
| 100 | _a20110914d1930 |||y0rusy50 ca | ||
| 101 | 0 | _arus | |
| 102 | _aRU | ||
| 105 | _ay z ||||| | ||
| 200 | 1 |
_aПрактические указания по организации труда в колхозах _fМатериалы проработаны сотрудниками Обл. союза колхозных союзов ЦЧО т. Трусовым П. И. и агр.: Саввиным С. Г., Малышкиным В. И... [и др.] |
|
| 210 |
_aВоронеж _cКоммуна _d1930 _gтип. изд-ва "Коммуна" |
||
| 215 |
_a81 с. _d17x13 см. |
||
| 702 | 1 |
_aМалышкин _bВ.И. _4340 |
|
| 702 | 1 |
_aТрусов _bП.И. _4340 |
|
| 702 | 1 |
_aСаввин _bС.Г. _4340 |
|
| 710 | 0 | 2 | _aЦентрально-Черноземный областной союз союзов сельско-хозяйственных коллективов (Воронеж) |
| 801 | 0 |
_aRU _bNLR _gpsbo |
|
| 801 | 1 |
_aRU _bELAR _2rusmarc |
|
| 852 |
_aNLR _j30.8/2976 |
||
| 942 | _cBOOK | ||
| 980 | _aNB | ||